| 000 | 01391nam a22002777a 4500 | ||
|---|---|---|---|
| 001 | 6997 | ||
| 003 | FISKH | ||
| 005 | 20250617095205.0 | ||
| 008 | 250617b cb ||||| |||| 00| 0 eng d | ||
| 020 | _a9781618103253 | ||
| 040 |
_aFISKH _beng _cFISKH _dFISKH |
||
| 050 | _aPZ7.K66668 | ||
| 082 | _a823 | ||
| 100 | _aKoontz, Robin | ||
| 245 |
_aRobin Hood / _cWitten and Illustrated by Robin Koontz |
||
| 260 |
_aFlorida : _bRourke Educational Media , _c2013. |
||
| 300 |
_a24 pages : _bcolor illustrations ; _c21x21 cm . |
||
| 490 |
_aBlue Reader _vLevels 2-3 |
||
| 505 | _aK | ||
| 520 | _aJuvenile Fiction. Juvenile Literature. HTML:As the cast of merry hikers start along the trail they decide to mark the trees with forks and spoons so they can find their way home. After a relaxing hike they start back only to find all the forks and spoons are gone. They are lost and begin to get scared when a ranger finds them and leads them to a shelter. He offers them something to eat and they notice the spoon he gives them is one of theirs. He told them he thought someone had littered and he collected the forks and spoons to give to someone who really needed them. The hikers remarked by saying that made him like Robin Hood. | ||
| 521 | 8 |
_a510
_bLexile |
|
| 521 | 8 |
_aK
_bRaz-Plus |
|
| 700 |
_aMcKenzie, Precious _eEditor |
||
| 942 |
_2ddc _cBK _n0 |
||
| 999 |
_c6997 _d6997 |
||